Hands-On Machine Learning

Uloženo v:
Podrobná bibliografie
Hlavní autor: Aurelien Geron
Médium: Kniha
Vydáno: shroff
Témata:
Tagy: Přidat tag
Žádné tagy, Buďte první, kdo vytvoří štítek k tomuto záznamu!

MARC

LEADER 00000nam a2200000Ia 4500
005 20260427112719.0
526 |b Data Science 
100 |a Aurelien Geron 
020 |a 9789355421982 
650 |a Machine Learning 
526 |a Bachelors 
942 |c BK 
245 |a Hands-On Machine Learning 
260 |b shroff 
999 |c 101  |d 101 
952 |0 0  |1 0  |4 0  |7 0  |8 2  |a BRISTOL  |b BRISTOL  |d 2026-04-22  |l 0  |p 000046  |r 2026-04-27 11:27:19  |w 2026-04-27  |y BK